Tratado de psiquiatría / (Record no. 34728)

MARC details
000 -LEADER
campo de control de longitud fija 00664nam a2200181 i 4500
001 - NÚMERO DE CONTROL
campo de control 34728
003 - IDENTIFICADOR DE NÚMERO DE CONTROL
campo de control ES-MaACL
005 - FECHA Y HORA DE LA ÚLTIMA TRANSACCIÓN
campo de control 20250811100105.0
008 - DATOS DE LONGITUD FIJA--INFORMACIÓN GENERAL
campo de control de longitud fija 030207s1924 sp a |||| | spa d
100 1# - ENTRADA PRINCIPAL--NOMBRE DE PERSONA
Nombre de persona Bleuler, E.
9 (RLIN) 29482
245 10 - MENCIÓN DEL TÍTULO
Título Tratado de psiquiatría /
Mención de responsabilidad, etc. E. Bleuler ; traducido de la última edición alemana por José Mª de Villaverde ; con un prólogo de Santiago Ramón y Cajal.
300 ## - DESCRIPCIÓN FÍSICA
Extensión XV, 513 p. :
Otras características físicas 35 il. ;
Dimensiones 25 cm.
650 07 - PUNTO DE ACCESO ADICIONAL DE MATERIA--TÉRMINO DE MATERIA
Término de materia o nombre geográfico como elemento de entrada Psiquiatría
Fuente del encabezamiento o término embne
9 (RLIN) 16586
700 1# - ENTRADA AGREGADA--NOMBRE PERSONAL
Nombre de persona Villaverde, José María de.
9 (RLIN) 115179
700 1# - ENTRADA AGREGADA--NOMBRE PERSONAL
Nombre de persona Ramón y Cajal, Santiago,
Fechas asociadas al nombre 1852-1934
9 (RLIN) 226468
852 ## - LOCALIZACIÓN
Ubicación ES-MaACL
Número de control de estantería B-12673
Holdings
Estatus retirado Estado de pérdida Estado de daño No para préstamo Biblioteca de origen Biblioteca actual Ubicación en estantería Fecha de adquisición Fuente de adquisición Total de préstamos Signatura topográfica completa Código de barras Visto por última vez Precio de reemplazo Tipo de ítem Koha
        Biblioteca del Ateneo de Madrid Biblioteca del Ateneo de Madrid Sala Pardo Bazán 17/01/2008     B-12673 1036238 23/02/2023 23/02/2023 Libro impreso